Estadísticas para FIFA - Copa Asiática

Haz click aquí para intentar la prueba.

Estadísticas generales

  • Esta prueba ha sido intentada 51 veces
    (13 desde el último reinicio)
  • La puntuación promedio es 17 de 18

Estadísticas de respuestas

AñoPaís% Correcto
1984Arabia Saudí
100%
1996Arabia Saudí
100%
1988Arabia Saudí
100%
2023Catar
100%
2019Catar
100%
1960Corea del Sur
100%
1956Corea del Sur
100%
1976Irán
100%
1972Irán
100%
1968Irán
100%
2000Japón
100%
2004Japón
100%
2011Japón
100%
1992Japón
100%
2015Australia
92%
2007Irak
92%
1964Israel
77%
1980Kuwait
69%

Distribución de puntuación

Porcentaje por número respondido

Porcentaje de gente con cada puntuación

Historial de tus puntuaciones

No has intentado esta prueba desde el último reinicio